Vzťahy medzi poľnohospodárstvom a mliekárenským priemyslom
Guardado en:
| Autor principal: | |
|---|---|
| Formato: | Capítulo de libro |
| Lenguaje: | eslovaco |
| Etiquetas: |
Sin Etiquetas, Sea el primero en etiquetar este registro!
|
MARC
| LEADER | 00000naa$a2200000$$$4500 | ||
|---|---|---|---|
| 001 | 0090739 | ||
| 005 | 20230116100432.5 | ||
| 041 | 0 | |a slo | |
| 044 | |a SK | ||
| 245 | 1 | 0 | |a Vzťahy medzi poľnohospodárstvom a mliekárenským priemyslom |c Elena Šúbertová |
| 100 | 1 | |a Šúbertová, Elena | |